000 00493nam a2200181Ia 4500
001 18058
005 20260306171602.0
008 260306s9999||||xx |||||||||||||| ||und||
041 _aESP
082 _a658.4
_bH76
100 _aHortváth & Partners (ed.)
_eAUT
245 0 _aDominar el cuadro de mando integral:
_bmanual práctico basado en más de 100 experiencias
260 _c2003
300 _a507 páginas :
_c24 cm.
650 _aGEN
654 _aCAN
942 _cLIB
_dJUS
_fJUS
_2ddc
_n
999 _c18058
_d18058